Beyond the backlash (Record no. 65848)
[ view plain ]
| 000 -LEADER | |
|---|---|
| fixed length control field | 01432cam a2200229 4500 |
| 001 - CONTROL NUMBER | |
| control field | ABS63492 |
| 008 - FIXED-LENGTH DATA ELEMENTS--GENERAL INFORMATION | |
| fixed length control field | 000000n2001 000 0 eng u |
| 035 ## - SYSTEM CONTROL NUMBER | |
| System control number | (Sirsi) u110445 |
| 100 ## - MAIN ENTRY--PERSONAL NAME | |
| Personal name | Jones, S. |
| 245 ## - TITLE STATEMENT | |
| Title | Beyond the backlash |
| 260 ## - PUBLICATION, DISTRIBUTION, ETC. | |
| Date of publication, distribution, etc. | 2001 |
| 490 ## - SERIES STATEMENT | |
| Series statement | Green Futures |
| Volume/sequential designation | (26) January/February 2001, 32-38(6) |
| 520 ## - SUMMARY, ETC. | |
| Summary, etc. | Considers the future of the market for organic produce following a recent media backlash prompted by the high cost of organics and recent health scares. Despite this the demand for organics from consumers continues to grow and to exceed the domestic industry's ability to supply. Whilst there has been increasing support for organic farming and produce from the Agriculture Minister, House of Lords select committee, and MAFF in recent years the organic market has yet to fulfil its potential, with 70% of organic food having to be imported. Examines the Soil Association's proposed solutions to the problems, most notably in the form of the Organic Food and Farming Targets Bill, and calls for a 'leap of faith' from farmers. Includes information on the European industry and an interview with the Soil Association President, Jonathan Dimbleby. |
| 590 ## - LOCAL NOTE (RLIN) | |
| Local note | ABS |
| 650 ## - SUBJECT ADDED ENTRY--TOPICAL TERM | |
| Topical term or geographic name entry element | ORGANIC FARMS |
| 650 ## - SUBJECT ADDED ENTRY--TOPICAL TERM | |
| Topical term or geographic name entry element | ORGANIC FOOD |
| 650 ## - SUBJECT ADDED ENTRY--TOPICAL TERM | |
| Topical term or geographic name entry element | ORGANIC FOOD AND FARMING TARGETS BILL |
| 650 ## - SUBJECT ADDED ENTRY--TOPICAL TERM | |
| Topical term or geographic name entry element | SOIL ASSOCIATION |
| 690 ## - LOCAL SUBJECT ADDED ENTRY--TOPICAL TERM (OCLC, RLIN) | |
| Topical term or geographic name as entry element | RURAL-FARM BUSINESS MANAGEMENT |
| 700 ## - ADDED ENTRY--PERSONAL NAME | |
| Personal name | Wright, M. |
| 942 ## - ADDED ENTRY ELEMENTS (KOHA) | |
| Suppress in OPAC | 0 |
| Withdrawn status | Lost status | Source of classification or shelving scheme | Damaged status | Not for loan | Home library | Current library | Shelving location | Date acquired | Total Checkouts | Full call number | Barcode | Date last seen | Copy number | Price effective from | Koha item type |
|---|---|---|---|---|---|---|---|---|---|---|---|---|---|---|---|
| Dewey Decimal Classification | London | London | Journal article | 19/01/2001 | ABS63492 | 110445-1001 | 06/08/2019 | 1 | 06/08/2019 | Journal article |